书目信息 |
| 题名: |
新编大学体育教程
|
|
| 作者: | 陈智勇 总主编 | |
| 分册: | ||
| 出版信息: | 北京 北京航空航天大学出版社 2007.09 |
|
| 页数: | 385页 | |
| 开本: | 23cm | |
| 丛书名: | ||
| 单 册: | ||
| 中图分类: | G807.4 | |
| 科图分类: | ||
| 主题词: | 体育--ti yu--高等学校--教材 | |
| 电子资源: | ||
| ISBN: | 978-7-81124-158-7 | |
| 000 | 01101nam0 2200277 450 | |
| 001 | 012008428582 | |
| 005 | 20080606081920.62 | |
| 010 | @a978-7-81124-158-7@dCNY28.00 (含光盘) | |
| 010 | @a7-900669-95-7@b光盘 | |
| 100 | @a20080605d2007 em y0chiy0120 ea | |
| 101 | 0 | @achi |
| 102 | @aCN@b110000 | |
| 105 | @aa a 000yy | |
| 106 | @ar | |
| 200 | 1 | @a新编大学体育教程@Axin bian da xue ti yu jiao cheng@f陈智勇总主编@Fchen zhi yong zong zhu bian |
| 210 | @a北京@c北京航空航天大学出版社@d2007.09 | |
| 215 | @a385页@c图@d23cm@e光盘1片 | |
| 300 | @a高等学校通用教材 全国高等学校体育教学指导委员会审定 | |
| 320 | @a有书目 (第384-385页) | |
| 330 | @a本书内容丰富。图文并茂,实用性、针对性强,符合大学生的认知规律和生理、心理特征,注意吸收和借鉴最新的知识信息和科研成果。着眼于提高学生的体育与健康意识,培养体育能力,全面增进身心健康,养成终身锻炼的良好习惯。 | |
| 517 | 1 | @a大学体育教程@Ada xue ti yu jiao cheng |
| 606 | 0 | @a体育@Ati yu@x高等学校@j教材 |
| 690 | @aG807.4@v4 | |
| 701 | 0 | @a陈智勇@Achen zhi yong@4总主编 |
| 801 | 0 | @aCN@bQSSK@c20080606 |
| 905 | @b724607-09@dG807.4@eC658@f3 | |
| 新编大学体育教程/陈智勇总主编.-北京:北京航空航天大学出版社,2007.09 |
| 385页:图;23cm+光盘1片 |
| 高等学校通用教材 全国高等学校体育教学指导委员会审定 |
| ISBN 978-7-81124-158-7:CNY28.00 (含光盘) |
| 本书内容丰富。图文并茂,实用性、针对性强,符合大学生的认知规律和生理、心理特征,注意吸收和借鉴最新的知识信息和科研成果。着眼于提高学生的体育与健康意识,培养体育能力,全面增进身心健康,养成终身锻炼的良好习惯。 |
| ● |
| 相关链接 |
|
|
|
正题名:新编大学体育教程
索取号:G807.4/C658
 
预约/预借
| 序号 | 登录号 | 条形码 | 馆藏地/架位号 | 状态 | 备注 |
| 1 | 724607 | 207246078 | 社科库409/409社科库 19排4列5层/ [索取号:G807.4/C658] | 在馆 | |
| 2 | 724608 | 207246087 | 社科库409/409社科库 19排4列5层/ [索取号:G807.4/C658] | 在馆 | |
| 3 | 724609 | 207246096 | 社科库409/409社科库 19排4列5层/ [索取号:G807.4/C658] | 在馆 |